Rājamukuṭa : (Record no. 76468)

MARC details
000 -LEADER
fixed length control field 00589cam a2200193 a 4500
001 - CONTROL NUMBER
control field sa 67007252
003 - CONTROL NUMBER IDENTIFIER
control field DLC
005 - DATE AND TIME OF LATEST TRANSACTION
control field 20260227112414.0
008 - FIXED-LENGTH DATA ELEMENTS--GENERAL INFORMATION
fixed length control field 970908s1964 ii 000 0 hin
010 ## - LIBRARY OF CONGRESS CONTROL NUMBER
LC control number sa 67007252
040 ## - CATALOGING SOURCE
Original cataloging agency DLC
Transcribing agency DLC
Modifying agency DLC
050 00 - LIBRARY OF CONGRESS CALL NUMBER
Classification number PK2098.P319
Item number R3
100 10 - MAIN ENTRY--PERSONAL NAME
Personal name Pant, Govind Ballabh,
Dates associated with a name 1887-1961.
245 10 - TITLE STATEMENT
Title Rājamukuṭa :
Remainder of title etihāsika nāṭaka /
Statement of responsibility, etc. lekhaka Govindavallabha Panta.
260 ## - PUBLICATION, DISTRIBUTION, ETC.
Place of publication, distribution, etc. Lakhanau :
Name of publisher, distributor, etc. Gaṅga Pustakamālā Kāryālaya,
Date of publication, distribution, etc. 1964.
300 ## - PHYSICAL DESCRIPTION
Extent 118 p. ;
Dimensions 19 cm.
440 #0 - SERIES STATEMENT/ADDED ENTRY--TITLE
Title Gaṅgā-pustakamālā ;
Volume/sequential designation pushpa 146
546 ## - LANGUAGE NOTE
Language note In Hindi.

No items available.

Powered by Koha